Thérapeutique : réservé au corps médical tome 2 (Record no. 17602)
[ view plain ]
| 000 -LEADER | |
|---|---|
| fixed length control field | 00339 a2200133 4500 |
| 035 ## - SYSTEM CONTROL NUMBER | |
| System control number | 4044 |
| 100 ## - VEDETTE PRINCIPALE - NOM DE PERSONNE | |
| Personal name | Faculté de médecine Saint-Louis Lariboisière |
| 245 ## - TITLE STATEMENT | |
| Title | Thérapeutique : réservé au corps médical tome 2 |
| 260 ## - PUBLICATION, DISTRIBUTION, ETC. (IMPRINT) | |
| Date of publication, distribution, etc | 1981 |
| 300 ## - PHYSICAL DESCRIPTION | |
| Extent | 352 p. |
| Withdrawn status | Lost status | Damaged status | Not for loan | Location (home branch) | Sublocation or collection (holding branch) | Date acquired | Koha issues (times borrowed) | Koha full call number | Koha date last seen | Price effective from | Koha item type |
|---|---|---|---|---|---|---|---|---|---|---|---|
| Bibliothèque Faculté des Sciences de la Santé | Bibliothèque Faculté des Sciences de la Santé | 27/02/2009 | WB 300 THE | 27/02/2009 | 27/02/2009 | Livre |